Volcans célèbres - Statistiques

Statistiques générales
  • Ce quiz a été pris 450 fois
  • Le résultat moyen est 7 sur 18
Statistiques - réponses
Indice Volcan % Correct
A enseveli Pompéi et Herculanum Vésuve
95%
Plus haut volcan de Sicile et d'Italie Etna
86%
Il est le point culminant du Japon Mont Fuji
82%
Volcan de la Réunion Piton de la Fournaise
70%
Point culminant d'Afrique, composé de trois volcans Kilimandjaro
62%
Entre en éruption en 1883, l'une des plus meurtières Krakatoa
49%
À l'origine de l'éruption la plus importante des États-Unis Mont {Saint}-{Helens}
48%
Volcan de la Guadeloupe La Soufrière
47%
Détruit la Martinique en 1902 Montagne Pélée
47%
L'éruption de ce volcan philippin en 1991 eut des conséquences planétaires Pinatubo
33%
Jules Verne désigne ce volcan comme sortie du centre de la Terre Stromboli
26%
Plus haut volcan du monde, en comptant depuis sa base dans l'Océan Pacifique Mauna Loa
20%
Point culminant d'Afrique de l'Ouest et du pays du même nom Mont {Cameroun}
20%
Point culminant de l'archipel d'Hawaii Mauna Kea
15%
Volcan à l'origine de l'année sans été Tambora
15%
Volcan islandais, en 1783 son éruption cause une famine Laki
10%
Point culminant du Mexique Pic d'{Orizaba}
8%
Volcan indonésien qui aurait causé la petite ère glaciaire au Moyen-Âge Samalas
2%
Aucun quiz correspondant
Distribution des résultats
% des personnes avec chaque résultat
Percentile par nombre de réponses
Votre historique - résultats
Vous n’avez pas pris ce quiz